Los conquistadores de la Antártica /

El escritor chileno Francisco Coloane (1910-2002) es considerado un excelente narrador que, con un estilo sencillo, es capaz de reflejar la depredación de la naturaleza que el hombre está consumando. Algunos de sus títulos son: Cabo de Hornos (1941), El último grumete de la Baquedano (1941), Golfo d...

ver descrição completa

Na minha lista:
Detalhes bibliográficos
Autor principal: Coloane, Francisco A. (autor)
Outros Autores: Coré (ilustración) (ilustración)
Formato: Livro
Idioma:espanhol
Publicado em: Santiago, Chile : Zig-Zag, 2005, c1976
Edição:30a edición
Colecção:(Viento Joven)
Assuntos:
Tags: Adicionar Tag
Sem tags, seja o primeiro a adicionar uma tag!

MARC

LEADER 00000nam^a2200000^a^4500
001 000184876
005 20250521000000.0
009 20260310102130.436
020 |a 956-12-1472-5 
037 |a Acervo ITESO - Biblioteca 
041 |a ESP 
082 |a 863.  |b COL 
100 |a Coloane, Francisco A.  |e (autor) 
245 1 4 |a Los conquistadores de la Antártica /  |c F.A. Coloane ; il. de Coré. 
250 |a 30a edición 
264 4 |a Santiago, Chile :  |b Zig-Zag,  |c 2005, c1976 
300 |a 125 p. 
336 |a texto  |b txt  |2 rdacontenido 
337 |a sin mediación  |b n  |2 rdamedio 
338 |a volumen  |b nc  |2 rdasoporte 
440 1 |a (Viento Joven) 
520 |a El escritor chileno Francisco Coloane (1910-2002) es considerado un excelente narrador que, con un estilo sencillo, es capaz de reflejar la depredación de la naturaleza que el hombre está consumando. Algunos de sus títulos son: Cabo de Hornos (1941), El último grumete de la Baquedano (1941), Golfo de Penas (1945), Los conquistadores de la Antártica (1946), Tierra de Fuego (1956), Viaje al Este (1959), El témpano de Kanasaka (1968) y Crónica de India (1983), entre otros. Obtuvo el Premio Nacional de Literatura en 1964 y fue nombrado miembro de las Academia Chilena de la Lengua en 1980. 
649 |a XX 
650 |a Novela Chilena 
650 |a Novela de Aventuras 
650 |a Literatura Chilena -  |y Siglo XX 
650 |a Descubrimientos Geográficos 
650 |a Viajes Marítimos 
650 |a Viajes y Travesías 
650 |a Polo Sur -  |x Descripción 
650 |a Polo Sur en la Literatura 
700 |a Coré  |e (ilustración) 
910 |a Fondo General 
920 |a Impresos - Libros 
930 |a Colección General 
940 |a Literatura 
905 |a 101 
901 |a 0500126045  |b IT1  |c LIT  |u 20250521 
901 |a 0500126042  |b IT1  |c LIT  |u 20250521 
902 |a https://opac.biblio.iteso.mx/vufind/Record/000184876